000 00253nam a22001217a 4500
008 181122b xxu||||| |||| 00| 0 eng d
041 _aeng
080 _a910
100 _a45
101 _aGEO
245 _aFrane Atlas
_cJmaes .P
942 _2udc
_cBK
999 _c52330
_d52330